Normal view
MARC view
- Afghanistan
Entry Geographic Name
001 - CONTROL NUMBER
- control field: 22710
003 - CONTROL NUMBER IDENTIFIER
- control field: NUST
005 - DATE AND TIME OF LATEST TRANSACTION
- control field: 20191003125855.0
008 - FIXED-LENGTH DATA ELEMENTS
- fixed length control field: 191003|| aca||aabn | a|a d
040 ## - CATALOGING SOURCE
- Original cataloging agency: NUST
- Transcribing agency: NUST
151 ## - HEADING--GEOGRAPHIC NAME
- Geographic name: Afghanistan
- General subdivision: History
- Chronological subdivision: Soviet occupation, 1979-1989.
670 ## - SOURCE DATA FOUND
- Source citation: Work cat.: (NUST)0: Shakib, Siba. 22706, Afghanistan, where God only comes to weep /, 2002.
